|
|
|
|
| LEADER |
00646nam a2200181 i 4500 |
| 001 |
c000081247 |
| 003 |
CARM |
| 005 |
00000000000000.0 |
| 008 |
810322c19651964ukk 00001 eng d |
| 019 |
1 |
|
|a 6358068
|5 LACONCORD2021
|
| 035 |
|
|
|a (OCoLC)30268076
|5 LACONCORD2021
|
| 100 |
1 |
|
|a McGerr, Patricia,
|d 1917-
|
| 245 |
1 |
0 |
|a Is there a traitor in the house?.
|
| 260 |
|
|
|a London :
|b Collins,
|c 1965.
|
| 300 |
|
|
|a 189p.
|
| 852 |
8 |
|
|b CARM
|h A2:AG06G0
|i A01498
|p 0122555
|f BK
|
| 999 |
f |
f |
|i 63e9e31e-fd33-5f4b-9749-895e23192336
|s f584989a-9e1f-575f-b757-5183b937ade0
|
| 952 |
f |
f |
|p Can circulate
|a CAVAL
|b CAVAL
|c CAVAL
|d CARM 1 Store
|e A01498
|f A2:AG06G0
|h Other scheme
|i book
|m 0122555
|